| 000 | 00370nam a2200169Ia 4500 | ||
|---|---|---|---|
| 100 | _aNatarajan/A.M | ||
| 650 | _aComputation | ||
| 942 | _cBK | ||
| 366 | _f20 | ||
| 654 | _acomputation | ||
| 245 | _aTheory of Computation | ||
| 260 |
_bNew Age International Ltd. _aMumbai _c2003 |
||
| 082 |
_a005.131/NAT _bNAT |
||
| 300 | _a421 | ||
| 546 | _aENGLISH | ||
| 999 |
_c27648 _d27648 |
||